000 00357pab a2200145 454500
008 180718b2002 xxu||||| |||| 00| 0 eng d
100 _aPatnaik, Prabhat
245 _aGlobalization and the emerging global politics
260 _c2002
300 _ap.2-16.
362 _aNov-Dec
650 _aGlobalization
773 _aSocial Scientist
909 _a54821
999 _c54821
_d54821